Eastern Utah Libraries Catalog: Duchesne, Heber, Roosevelt, & Vernal

Anemone (Record no. 412676)

MARC details
000 -LEADER
fixed length control field 01737ngm a22004332a 4500
001 - CONTROL NUMBER
control field on1544790579
003 - CONTROL NUMBER IDENTIFIER
control field MWT
005 - DATE AND TIME OF LATEST TRANSACTION
control field 20251125181639.0
007 - PHYSICAL DESCRIPTION FIXED FIELD--GENERAL INFORMATION
fixed length control field vd cvaizs
008 - FIXED-LENGTH DATA ELEMENTS--GENERAL INFORMATION
fixed length control field 251021s2025 xxu125 e vleng d
020 ## - INTERNATIONAL STANDARD BOOK NUMBER
International Standard Book Number 191329282953
Terms of availability $30.99
024 1# - OTHER STANDARD IDENTIFIER
Standard number or code 191329282953
028 42 - PUBLISHER NUMBER
Publisher number 18729744
040 ## - CATALOGING SOURCE
Original cataloging agency Midwest
Description conventions rda
092 ## - LOCALLY ASSIGNED DEWEY CALL NUMBER (OCLC)
Classification number dvd
245 00 - TITLE STATEMENT
Title Anemone
Medium [videorecording].
250 ## - EDITION STATEMENT
Edition statement Widescreen ed.
260 ## - PUBLICATION, DISTRIBUTION, ETC. (IMPRINT)
Place of publication, distribution, etc [United States] :
Name of publisher, distributor, etc Universal,
Date of publication, distribution, etc 2025.
264 ## - Production, Publication, Distribution, Manufacture, and Copyright Notice.
Place of production, publication, distribution, manufacture [United States] :
Name of producer, publisher, distributor, manufacturer Universal,
Date of production, publication, distribution, manufacture, or copyr 2025.
300 ## - PHYSICAL DESCRIPTION
Extent 1 videodisc (ca. 125 min.) :
Other physical details sd., col. ;
Dimensions 4 3/4 in.
500 ## - GENERAL NOTE
General note 11/25/2025
508 ## - CREATION/PRODUCTION CREDITS NOTE
Creation/production credits note Director, Ronan Day-Lewis.
511 1# - PARTICIPANT OR PERFORMER NOTE
Participant or performer note Daniel Day-Lewis, Sean Bean, Samantha Morton, Safia Oakley-Green, Samuel Bottomley.
520 ## - SUMMARY, ETC.
Summary, etc The captivating tale of two brothers separated by time and a long-buried family mystery. Set in the quiet beauty of Ireland's woodlands, one brother sets out to find the other, hoping to mend what was broken. As they face the secrets that drove them apart, they must decide if the bond they once shared can be redeemed or if the past will keep them divided forever.
521 8# - TARGET AUDIENCE NOTE
Target audience note MPAA rating: R.
538 ## - SYSTEM DETAILS NOTE
System details note DVD.
546 ## - LANGUAGE NOTE
Language note English, Described video (eng audio; French, Spanish subtitles.
546 ## - LANGUAGE NOTE
Language note English subtitles for the deaf and hard of hearing.
650 #4 - SUBJECT ADDED ENTRY--TOPICAL TERM
Topical term or geographic name as entry element Mystery.
650 #4 - SUBJECT ADDED ENTRY--TOPICAL TERM
Topical term or geographic name as entry element Drama.
655 #4 - INDEX TERM--GENRE/FORM
Genre/form data or focus term Drama.
700 1# - ADDED ENTRY--PERSONAL NAME
Personal name Day-Lewis, Daniel
9 (RLIN) 42618
700 1# - ADDED ENTRY--PERSONAL NAME
Personal name Bean, Sean
9 (RLIN) 62473
700 1# - ADDED ENTRY--PERSONAL NAME
Personal name Morton, Samantha
9 (RLIN) 64206
700 1# - ADDED ENTRY--PERSONAL NAME
Personal name Oakley-Green, Safia
9 (RLIN) 6553946
700 1# - ADDED ENTRY--PERSONAL NAME
Personal name Bottomley, Samuel
9 (RLIN) 6553947
856 7# - ELECTRONIC LOCATION AND ACCESS
Materials specified View cover art
Uniform Resource Identifier <a href="https://thumbnail.midwesttape.com/18729744_180.jpg">https://thumbnail.midwesttape.com/18729744_180.jpg</a>
Access method https
942 ## - ADDED ENTRY ELEMENTS (KOHA)
Source of classification or shelving scheme Dewey Decimal Classification
Koha item type Rated-R Video, DVD, or Blu-Ray
Holdings
Withdrawn status Lost status Source of classification or shelving scheme Damaged status Not for loan Collection code Home library Current library Shelving location Date acquired Source of acquisition Total Checkouts Total Renewals Full call number Barcode Checked out Date last seen Date checked out Cost, replacement price Price effective from Koha item type
    Dewey Decimal Classification     Movies Wasatch County Library Wasatch County Library Audio Visual Area 12/03/2025 Midwest Tape 7 6 Movie Anemone 34301002174326 03/25/2026 03/05/2026 03/05/2026 30.99 12/03/2025 DVD
This project was made possible through a grant from the Institute of Museum and Library Service administered by the Utah State Library Division.

Wasatch County Library

  • 465 East 1200 South, Heber City, Utah 84032
  • Phone 435-654-1511 | Fax 435-654-6456

Hours

  • Monday - Friday 9:30 AM - 8:00 PM
  • Saturday 9:30 AM - 1:30 PM
  • Closed Sundays and Holidays